|
|
|
|
| LEADER |
00000cam a2200000 7i4500 |
| 001 |
0000003219 |
| 005 |
20050317.0 |
| 090 |
0 |
0 |
|a 634.92
|b MOH
|
| 100 |
0 |
0 |
|a Mohd Basri Hamzah
|
| 245 |
0 |
0 |
|a Manual of forest establishment and silvicultural treatments for degraded natural forest in Peninsular Malaysia :
|b Malaysia - International Tropical Timber Organisation (ITTO) Joint Project : PD115/90 Rev.1 (F)
|c Mohd Basri Hamzah, Dato' Mohamed Darus Mahmud
|
| 260 |
0 |
0 |
|a Kuala lumpur :
|b Forestry Department Peninsular Malaysia ,
|c 2004
|
| 300 |
|
|
|a ix, 40 p. :
|b col., ill. ;
|c 24 cm.
|
| 500 |
0 |
0 |
|a Malaysia - International Tropical Timber Organisation (ITTO) Joint Project : PD115/90 Rev.1 (F)
|
| 650 |
0 |
0 |
|a Forest and forestry
|x Management
|z Malaysia
|
| 650 |
0 |
0 |
|a Forest and forestry
|x Manual, handbook...etc
|
| 650 |
0 |
0 |
|a Reforestation
|z Malaysia
|
| 650 |
0 |
0 |
|a Tropical forests
|z Malaysia
|
| 700 |
1 |
1 |
|a Mohamed Darus Mahmud, Dato'
|
| 999 |
|
|
|a 0000006000
|b Monograph
|c Open Shelf
|e Default branch
|
| 999 |
|
|
|a 0000006001
|b Monograph
|c Open Shelf
|e Default branch
|
| 999 |
|
|
|a 0000006002
|b Monograph
|c Open Shelf
|e Default branch
|
| 999 |
|
|
|a 0000006003
|b Monograph
|c Open Shelf
|e Default branch
|
| 999 |
|
|
|a 0000006004
|b Monograph
|c Open Shelf
|e Default branch
|